|
|
|
|
| LEADER |
01862nam a2200505 a 4500 |
| 001 |
nkc20142565417 |
| 003 |
CZ PrNK |
| 005 |
20140325105823.0 |
| 007 |
ta |
| 008 |
140211s2013 xr e 000 0 cze |
| 015 |
|
|
|a cnb002565417
|
| 020 |
|
|
|a 978-80-245-2001-8
|q (brož.)
|
| 035 |
|
|
|a (OCoLC)876342133
|
| 040 |
|
|
|a BOA001
|b cze
|d ABA001
|
| 041 |
0 |
|
|a cze
|b cze
|b eng
|
| 072 |
|
7 |
|a 004.4/.6
|x Programování. Software
|2 Konspekt
|9 23
|
| 080 |
|
|
|a 005.551
|2 MRF
|
| 080 |
|
|
|a 004.771
|2 MRF
|
| 080 |
|
|
|a 004.4:331.103.246
|2 MRF
|
| 080 |
|
|
|a (048.8)
|2 MRF
|
| 100 |
1 |
|
|a Topolová, Ivana
|7 mzk2003171628
|4 aut
|
| 245 |
1 |
0 |
|a Nástroje pro týmovou spolupráci v cloudu /
|c Ivana Topolová
|
| 260 |
|
|
|a Praha :
|b Oeconomica,
|c 2013
|
| 300 |
|
|
|a 19 s. ;
|c 25 cm
|
| 490 |
1 |
|
|a Faculty of International Relations Working papers,
|x 1802-6591 ;
|v vol. VII, 7/2013
|
| 500 |
|
|
|a Na obálce název edice: Working papers Fakulty mezinárodních vztahů
|
| 504 |
|
|
|a Obsahuje bibliografii
|
| 546 |
|
|
|a České a anglické resumé
|
| 550 |
|
|
|a Vydavatel: Vysoká škola ekonomická v Praze
|
| 650 |
0 |
7 |
|a týmová práce
|7 ph136568
|2 czenas
|
| 650 |
0 |
7 |
|a cloud computing
|7 ph579331
|2 czenas
|
| 650 |
0 |
7 |
|a skupinový software
|7 ph421553
|2 czenas
|
| 650 |
0 |
9 |
|a team work
|2 eczenas
|
| 650 |
0 |
9 |
|a cloud computing
|2 eczenas
|
| 650 |
0 |
9 |
|a groupware
|2 eczenas
|
| 653 |
0 |
|
|a Google Apps
|a Office 365
|
| 655 |
|
7 |
|a srovnávací studie
|7 fd133583
|2 czenas
|
| 655 |
|
9 |
|a comparative studies
|2 eczenas
|
| 710 |
2 |
|
|a Vysoká škola ekonomická v Praze
|7 kn20010709403
|
| 810 |
2 |
|
|a Vysoká škola ekonomická v Praze.
|b Fakulta mezinárodních vztahů.
|t Working papers
|0 s
|
| 910 |
2 |
|
|a BOA001
|b 2-1322.056
|
| 990 |
|
|
|a BK
|
| 995 |
|
|
|a 01
|
| 991 |
|
|
|b 201403
|c NOV
|e n
|
| 996 |
6 |
|
|b 2610581464
|c 2-1322.056
|l MZK
|r Sklad / do 1 hodiny
|n 2
|p p.v.
|w 001401436
|u 000010
|a 1
|e BOA001
|j MZK50
|s P
|